Theory and Problems of Computers and Programming (Record no. 6449)

000 -LEADER
fixed length control field 00373nam a2200145Ia 4500
008 - FIXED-LENGTH DATA ELEMENTS--GENERAL INFORMATION
fixed length control field 200103s9999||||xx |||||||||||||| ||und||
020 ## - INTERNATIONAL STANDARD BOOK NUMBER
International Standard Book Number 0070990719,
082 ## - DEWEY DECIMAL CLASSIFICATION NUMBER
Classification number Column-19
100 ## - MAIN ENTRY--PERSONAL NAME
Personal name Scheid, Francis
245 #0 - TITLE STATEMENT
Title Theory and Problems of Computers and Programming
260 ## - PUBLICATION, DISTRIBUTION, ETC. (IMPRINT)
Name of publisher, distributor, etc McGraw-Hill Book Company, Inc.
Date of publication, distribution, etc 1983
300 ## - PHYSICAL DESCRIPTION
Extent 402
942 ## - ADDED ENTRY ELEMENTS (KOHA)
Item type Books
Holdings
Withdrawn status Lost status Source of classification or shelving scheme Damaged status Not for loan Permanent location Current location Date acquired Full call number Barcode Date last seen Koha item type Public note
          IMU-MPC Library IMU-MPC Library 2020-01-08 Column-18 MPC2612 2025-03-17 Books Column - 18
Copyright © 2021 Indian Maritime University, Mumbai Port Campus. All Rights Reserved. Managed & Maintained by Central Library, IMU-Mumbai

webs counters

Powered by Koha